• 首页
  • 本馆介绍
  • 公告通知
  • 最新文献
  • 馆藏检索
  • 电子资源
  • 读者导购
  • 参考咨询
  • 我的图书馆
  • 登录
  • 详细信息显示
  • 放入我的书架
  • 预约/预借图书
  • 作者相关作品
  • 分类相关作品
  • 丛书相关作品
  • 出版社相关作品

书目信息

  • 表格格式
  • 工作单格式
  • 卡片格式
书名: Electric machinery
作者:
分册号:
分册名:
出版地: New York :
 
出版社: McGraw-Hill
出版时间: 1983.
页数: 571 p. :
开本: 25 cm. :
丛书名:
中图分类号:
科图分类号:
其他分类号: TM32:H31
主题词:
电子资源:
000 00632nam 2200217 a 4500
001 E0751067718
005 20070209141253.53
008 001 0 eng
008 uu
040    @aNLC
049    @aN5LA
090    @a2/TM3/F55/ 1983/////////463566/*977283-4/ cop.2-3
090    @aTM32:H31
096    @aTM3 @v2
099    @dTM32:H31@ex16
100 1  @aFitzgerald, Arthur Eugene, @eet al.
245 10 @aElectric machinery
250    @a4th ed.
260    @aNew York :@bMcGraw-Hill,@c1983.
300    @a571 p. :@bill. ;@c25 cm. :@b00 ;@c20020930@lNLC09@h2246@lNLC09@h2256@lNLC09@h1847
852 9  @bWWJC @cJ08S @k2 @hTM3 @iF55/1983
    
    Electric machinery.-4th ed.-New York : : McGraw-Hill, , 1983.
    571 p. : : ill. ; ; 25 cm. : : 00 ; ; 20020930
    
    
    ISBN
    
●
相关链接 在E读中查询图书 在五车中查询图书 在当当中查询图书 在豆瓣中查询图书


正题名:Electric machinery     索取号:TM32:H31/x16         预约/预借

序号 登录号 条形码 馆藏地/架位号 状态 备注
1 122347   000634692   第四借阅区/ [索取号:TM32:H31/x16] 在馆    
2 122348   000634674   第四借阅区/ [索取号:TM32:H31/x16] 在馆    
3 122349   000634683   第二样本阅览室/ [索取号:TM32:H31/x16] 在馆    
唐山师范学院图书馆 欢迎您!
大连网信软件有限公司© 版权所有